[Event "SRB-ch sf"]
[Site "Paracin"]
[Date "2022.03.23"]
[Round "9"]
[White "Maslar, Aleksa"]
[Black "Djokic, Mihailo"]
[Result "0-1"]
[WhiteElo "1847"]
[BlackElo "2223"]
[PlyCount "78"]
[EventDate "2022.03.17"]
[EventType "swiss"]
[EventRounds "9"]
[EventCountry "SRB"]
[SourceTitle "CBM 207 Extra"]
[Source "ChessBase"]
[SourceDate "2022.05.31"]
[SourceVersion "1"]
[SourceVersionDate "2022.05.31"]
[SourceQuality "1"]

1. d4 Nf6 2. c4 g6 3. Nc3 Bg7 4. e4 d6 5. Nf3 0-0 6. h3 e5 7. d5 Nh5 8. g3 Qe8 9. Be2 f5 10. Ng5 Nf6 11. Qc2 h6 12. Nf3 Na6 13. Be3 fxe4 14. Nd2 Nb4 15. Qb3 Nd3+ 16. Bxd3 exd3 17. Nb5 Qe7 18. Qxd3 Bf5 19. Qe2 a6 20. Nc3 h5 21. Bg5 Qd7 22. h4 c6 23. f3 cxd5 24. cxd5 e4 25. f4 b5 26. a3 e3 27. Nf3 Ng4 28. 0-0 Rfe8 29. Ne1 Nf2 30. Rxf2 exf2+ 31. Qxf2 Rac8 32. Rc1 Rc4 33. Nf3 Bg4 34. Kg2 Qb7 35. f5 Bxc3 36. Rxc3 Rxc3 37. bxc3 Qxd5 38. fxg6 Bxf3+ 39. Qxf3 Re2+ 0-1

[Event "SRB-ch sf"]
[Site "Paracin"]
[Date "2022.03.17"]
[Round "1"]
[White "Maslar, Aleksa"]
[Black "Milosevic, Milos"]
[Result "0-1"]
[WhiteElo "1847"]
[BlackElo "2268"]
[PlyCount "72"]
[EventDate "2022.03.17"]
[EventType "swiss"]
[EventRounds "9"]
[EventCountry "SRB"]
[SourceTitle "CBM 207 Extra"]
[Source "ChessBase"]
[SourceDate "2022.05.31"]
[SourceVersion "1"]
[SourceVersionDate "2022.05.31"]
[SourceQuality "1"]

1. d4 Nf6 2. c4 e6 3. g3 c5 4. Nf3 cxd4 5. Nxd4 d5 6. Bg2 e5 7. Nb3 d4 8. 0-0 Nc6 9. Bg5 Be7 10. N1d2 0-0 11. Rc1 h6 12. Bxf6 Bxf6 13. a3 Be7 14. c5 Be6 15. Nc4 Qc7 16. e3 Rad8 17. exd4 Nxd4 18. Nxd4 Rxd4 19. Qe2 Qxc5 20. Nxe5 Qb6 21. Rfd1 Rfd8 22. Rxd4 Rxd4 23. h3 a5 24. Nf3 Rd5 25. Bf1 Bc5 26. g4 h5 27. g5 Rf5 28. Bg2 g6 29. Rc2 Kh7 30. h4 Bd5 31. Rc3 Bc6 32. Qd2 Rd5 33. Qe2 Bb5 34. Qc2 Bxf2+ 35. Kh2 Qd6+ 36. Kh1 Rd1+ 0-1

[Event "Belgrade Trophy 35th"]
[Site "Belgrade"]
[Date "2021.12.01"]
[Round "8"]
[White "Djokic, Nenad"]
[Black "Maslar, Aleksa"]
[Result "1-0"]
[WhiteElo "2274"]
[BlackElo "1853"]
[PlyCount "85"]
[EventDate "2021.11.24"]
[EventType "swiss"]
[EventRounds "9"]
[EventCountry "SRB"]
[SourceTitle "EXT 2023"]
[Source "ChessBase"]
[SourceDate "2022.10.05"]
[SourceVersion "1"]
[SourceVersionDate "2022.10.05"]
[SourceQuality "1"]

1. d4 d5 2. c4 c6 3. Nf3 Nf6 4. Nc3 dxc4 5. a4 Bf5 6. Ne5 Nbd7 7. Nxc4 Qc7 8. g3 e5 9. dxe5 Nxe5 10. Bf4 Nfd7 11. Bg2 f6 12. 0-0 Nc5 13. e4 Bg6 14. Nxe5 fxe5 15. Be3 Bd6 16. Rc1 a5 17. Qc2 0-0 18. Nb1 Ne6 19. Na3 Bxa3 20. bxa3 Kh8 21. Qb2 Rf7 22. Bb6 Qb8 23. Rfd1 Qf8 24. Qxe5 Re8 25. Qxa5 Qxa3 26. Be3 Nc7 27. Ra1 Qe7 28. f3 h5 29. Qc5 Qxc5 30. Bxc5 Ne6 31. Be3 h4 32. f4 Bh5 33. Rd6 hxg3 34. hxg3 Nc7 35. Kf2 Bg4 36. Rb1 Na6 37. Bd4 Kg8 38. Bf1 Rfe7 39. Bc4+ Kf8 40. e5 c5 41. Be3 Nb8 42. Rh1 Rc7 43. Rg6 1-0

[Event "Belgrade Trophy 32nd"]
[Site "Belgrade"]
[Date "2018.12.02"]
[Round "9"]
[White "Maslar, Aleksa"]
[Black "Stefanovic, Milan"]
[Result "1-0"]
[WhiteElo "1869"]
[BlackElo "1957"]
[PlyCount "125"]
[EventDate "2018.11.24"]
[EventType "swiss"]
[EventRounds "9"]
[EventCountry "SRB"]
[SourceTitle "CBM 187 Extra"]
[Source "ChessBase"]
[SourceDate "2018.11.04"]
[SourceVersion "1"]
[SourceVersionDate "2018.11.04"]
[SourceQuality "1"]

1. d4 Nf6 2. c4 g6 3. Nc3 Bg7 4. e4 d6 5. Nf3 0-0 6. Be2 e5 7. 0-0 exd4 8. Nxd4 Re8 9. f3 Nc6 10. Be3 Nh5 11. Qd2 f5 12. Nxc6 bxc6 13. Bg5 Bf6 14. Bxf6 Nxf6 15. Bd3 Qe7 16. Rae1 Qe5 17. Qf2 f4 18. Bc2 Be6 19. Bd3 a5 20. Na4 Kg7 21. b3 c5 22. Bb1 Bd7 23. Nb2 a4 24. Nd3 Qg5 25. Qd2 Nh5 26. e5 axb3 27. axb3 Bf5 28. exd6 cxd6 29. Nf2 Re3 30. Bxf5 gxf5 31. Nh3 Qh6 32. Nxf4 Rxe1 33. Nxh5+ Qxh5 34. Rxe1 Re8 35. Rxe8 Qxe8 36. Qg5+ Kh8 37. Qf6+ Kg8 38. Kf2 Qe5 39. Qxe5 dxe5 40. g4 Kf7 41. gxf5 Kf6 42. Ke2 Kg5 43. Kd3 Kxf5 44. Ke3 Kf6 45. Ke4 Ke6 46. f4 exf4 47. Kxf4 Kf6 48. Ke4 Ke6 49. Kd3 Ke5 50. Kc3 Kd6 51. b4 cxb4+ 52. Kxb4 Kc6 53. c5 Kc7 54. Kc4 Kc6 55. Kd4 Kc7 56. Kd5 Kd7 57. Ke5 Kc6 58. Kf6 Kxc5 59. Kg7 Kd5 60. Kxh7 Ke5 61. Kg6 Ke6 62. h4 Ke7 63. Kg7 1-0

[Event "Belgrade-chT"]
[Site "Belgrade"]
[Date "2018.05.10"]
[Round "4"]
[White "Maslar, Aleksa"]
[Black "Poleksic, Dusan"]
[Result "0-1"]
[WhiteElo "1876"]
[BlackElo "2004"]
[PlyCount "70"]
[EventDate "2018.05.07"]
[EventType "team-swiss"]
[EventRounds "5"]
[EventCountry "SRB"]
[SourceTitle "CBM 184 Extra"]
[Source "ChessBase"]
[SourceDate "2018.06.28"]
[SourceVersion "1"]
[SourceVersionDate "2018.06.28"]
[SourceQuality "1"]
[WhiteTeam "Belgrade Zemun"]
[BlackTeam "Belgrade Turbina"]
[WhiteTeamCountry "SRB"]
[BlackTeamCountry "SRB"]

1. d4 d5 2. c4 e6 3. Nc3 c5 4. cxd5 exd5 5. Nf3 Nc6 6. g3 Nf6 7. Bg2 cxd4 8. Nxd4 Bc5 9. Nxc6 bxc6 10. 0-0 0-0 11. Bg5 h6 12. Bd2 Re8 13. Rc1 Ba6 14. Bf3 Bb6 15. Qa4 Bb7 16. Qc2 Rc8 17. Na4 c5 18. Nxb6 axb6 19. e3 Ne4 20. Bg2 d4 21. exd4 cxd4 22. Qd1 Qf6 23. f3 Nc5 24. b4 Nd3 25. Rxc8 Rxc8 26. b5 Qe6 27. a4 Qa2 28. Be1 Rc2 29. Bh1 Nxe1 30. Qxe1 d3 31. Qe8+ Kh7 32. Qd7 d2 33. Qxb7 Rc1 34. Qe4+ g6 35. Qd3 Qa1 0-1

[Event "Belgrade Trophy 31st"]
[Site "Belgrade"]
[Date "2017.11.27"]
[Round "4"]
[White "Miladinovic, Lena"]
[Black "Maslar, Aleksa"]
[Result "0-1"]
[WhiteElo "2131"]
[BlackElo "1792"]
[PlyCount "74"]
[EventDate "2017.11.24"]
[EventType "swiss"]
[EventRounds "9"]
[EventCountry "SRB"]
[SourceTitle "CBM 181 Extra"]
[Source "ChessBase"]
[SourceDate "2017.12.12"]
[SourceVersion "1"]
[SourceVersionDate "2017.12.12"]
[SourceQuality "1"]

1. c4 Nf6 2. Nc3 d5 3. cxd5 Nxd5 4. Nf3 c6 5. g3 e6 6. Bg2 Be7 7. 0-0 Nd7 8. d4 Nxc3 9. bxc3 0-0 10. a4 Qa5 11. Qc2 e5 12. Bg5 Qd8 13. Be3 exd4 14. cxd4 Nf6 15. a5 Nd5 16. Bd2 Qc7 17. Ng5 Bxg5 18. Bxg5 Qd6 19. e4 Nb4 20. Qc3 Na6 21. Rab1 h6 22. Bf4 Qg6 23. Rfe1 Rd8 24. d5 cxd5 25. exd5 Bf5 26. Rxb7 Rac8 27. Qe3 Nc5 28. Re7 Nd3 29. Rf1 a6 30. Bc7 Rd7 31. Rxd7 Bxd7 32. d6 Re8 33. Qb6 Ne1 34. Bc6 Qg4 35. Bxd7 Nf3+ 36. Kh1 Qxd7 37. Qb7 Qh3 0-1

[Event "Belgrade Trophy 31st"]
[Site "Belgrade"]
[Date "2017.11.24"]
[Round "1"]
[White "Maslar, Aleksa"]
[Black "Medancic, Rikard"]
[Result "0-1"]
[WhiteElo "1792"]
[BlackElo "2229"]
[PlyCount "70"]
[EventDate "2017.11.24"]
[EventType "swiss"]
[EventRounds "9"]
[EventCountry "SRB"]
[SourceTitle "CBM 181 Extra"]
[Source "ChessBase"]
[SourceDate "2017.12.12"]
[SourceVersion "1"]
[SourceVersionDate "2017.12.12"]
[SourceQuality "1"]

1. d4 Nf6 2. c4 e6 3. Nf3 d5 4. g3 Bb4+ 5. Bd2 Qe7 6. Bg2 0-0 7. 0-0 Nbd7 8. a3 Bxd2 9. Nbxd2 e5 10. cxd5 e4 11. Ng5 e3 12. Nde4 h6 13. Nxf6+ Nxf6 14. Nh3 Nxd5 15. Bxd5 Bxh3 16. Bg2 exf2+ 17. Rxf2 Bxg2 18. Kxg2 Rad8 19. Qd3 Qe6 20. Rd1 Rfe8 21. Qf3 Qd5 22. Rd3 Re4 23. e3 Rd6 24. Kg1 Rf6 25. Qe2 Rfe6 26. Qd2 h5 27. Rg2 c6 28. Rc3 Qg5 29. Re2 h4 30. Qe1 Qg4 31. Rd3 hxg3 32. hxg3 Rf6 33. d5 Rf3 34. Kg2 Rxg3+ 35. Qxg3 Qxe2+ 0-1

[Event "Stari Banovci Vidovdan op"]
[Site "Stari Banovci"]
[Date "2017.07.01"]
[Round "4"]
[White "Ugljesic, Slavko"]
[Black "Maslar, Aleksa"]
[Result "1/2-1/2"]
[WhiteElo "1650"]
[BlackElo "1770"]
[PlyCount "51"]
[EventDate "2017.06.28"]
[EventType "swiss"]
[EventRounds "9"]
[EventCountry "SRB"]
[SourceTitle "EXT 2018"]
[Source "ChessBase"]
[SourceDate "2017.10.13"]
[SourceVersion "1"]
[SourceVersionDate "2017.10.13"]
[SourceQuality "1"]

1. d4 d5 2. Bf4 Nf6 3. Nf3 c5 4. e3 Nc6 5. c3 e6 6. Be2 Be7 7. 0-0 0-0 8. h3 Bd7 9. Nbd2 a6 10. a4 c4 11. b3 b5 12. axb5 axb5 13. Rxa8 Qxa8 14. Qa1 h6 15. b4 Nh5 16. Bh2 Nf6 17. Ne5 Nxe5 18. Bxe5 Ne4 19. Nxe4 dxe4 20. Qa5 Qxa5 21. bxa5 Ra8 22. Ra1 Ra6 23. Bc7 Bc6 24. Bb6 Kf8 25. Kf1 Ke8 26. f3 1/2-1/2

[Event "SRB-ch sf"]
[Site "Belgrade"]
[Date "2016.03.26"]
[Round "6"]
[White "Maslar, Aleksa"]
[Black "Poleksic, Dusan"]
[Result "0-1"]
[WhiteElo "1780"]
[BlackElo "2029"]
[PlyCount "43"]
[EventDate "2016.03.21"]
[EventType "swiss"]
[EventRounds "9"]
[EventCountry "SRB"]
[SourceTitle "CBM 171 Extra"]
[Source "ChessBase"]
[SourceDate "2016.04.26"]
[SourceVersion "1"]
[SourceVersionDate "2016.04.26"]
[SourceQuality "1"]

1. d4 d5 2. c4 e6 3. Nf3 c5 4. cxd5 exd5 5. g3 Nc6 6. Bg2 Nf6 7. 0-0 Be7 8. Nc3 0-0 9. b3 Ne4 10. Bb2 Bf6 11. e3 Bg4 12. Ne2 Qa5 13. Ne5 Bxe5 14. dxe5 Qd2 15. Bxe4 Qxb2 16. f3 dxe4 17. fxg4 Rad8 18. Qe1 Nxe5 19. Nf4 Nf3+ 20. Rxf3 exf3 21. Qf1 Rd2 22. Re1 0-1

[Event "SRB-ch sf"]
[Site "Belgrade"]
[Date "2016.03.22"]
[Round "2"]
[White "Petrovic, Zoran Z"]
[Black "Maslar, Aleksa"]
[Result "1/2-1/2"]
[WhiteElo "2014"]
[BlackElo "1780"]
[PlyCount "79"]
[EventDate "2016.03.21"]
[EventType "swiss"]
[EventRounds "9"]
[EventCountry "SRB"]
[SourceTitle "CBM 171 Extra"]
[Source "ChessBase"]
[SourceDate "2016.04.26"]
[SourceVersion "1"]
[SourceVersionDate "2016.04.26"]
[SourceQuality "1"]

1. e4 c5 2. Nf3 d6 3. d4 cxd4 4. Nxd4 Nf6 5. Nc3 g6 6. Be2 Bg7 7. 0-0 0-0 8. Bg5 Nc6 9. Nb3 Bd7 10. Rb1 a6 11. a4 Rc8 12. Qd2 Be6 13. Rfe1 Bxb3 14. cxb3 Re8 15. Qe3 Qa5 16. Kh1 Nb4 17. Qg3 h6 18. Bd2 Qb6 19. Bc4 e6 20. Rbd1 d5 21. Bd3 Nxd3 22. Qxd3 Qxb3 23. Bc1 dxe4 24. Nxe4 Qxd3 25. Nxf6+ Bxf6 26. Rxd3 h5 27. Rb3 Rc7 28. Be3 Rd7 29. g3 Rc8 30. Rb6 Bd8 31. Rb3 Rc2 32. Rb1 Be7 33. Rc3 Rxc3 34. bxc3 Bf6 35. c4 Kf8 36. Kg2 Ke8 37. Kf3 Kd8 38. Ke4 Kc8 39. h3 Rd8 40. f3 1/2-1/2

[Event "Grocka op"]
[Site "Grocka"]
[Date "2015.07.30"]
[Round "8"]
[White "Zivkovic, Dragoslav"]
[Black "Maslar, Aleksa"]
[Result "1-0"]
[WhiteElo "1840"]
[BlackElo "1630"]
[PlyCount "159"]
[EventDate "2015.07.23"]
[EventType "swiss"]
[EventRounds "9"]
[EventCountry "SRB"]
[SourceTitle "EXT 2016"]
[Source "ChessBase"]
[SourceDate "2015.10.08"]
[SourceVersion "1"]
[SourceVersionDate "2015.10.08"]
[SourceQuality "1"]

1. e4 c5 2. Nf3 d6 3. d4 cxd4 4. Nxd4 Nf6 5. Nc3 g6 6. Bc4 Bg7 7. Bb3 Nc6 8. Be3 0-0 9. f3 Bd7 10. Qd2 a6 11. 0-0 Rc8 12. Nxc6 Bxc6 13. Bd4 b5 14. a3 Qc7 15. Rad1 Rcd8 16. Rfe1 Qb7 17. Qe3 Nd7 18. Bxg7 Kxg7 19. Nd5 Bxd5 20. Bxd5 Qb6 21. Qxb6 Nxb6 22. Bb3 f6 23. Rd4 Rc8 24. Re2 Rc5 25. c3 Nc4 26. Kf1 e5 27. Rd3 Rd8 28. Bxc4 bxc4 29. Rd1 Kf7 30. Red2 Ke7 31. Ke2 f5 32. Rd5 Rxd5 33. Rxd5 Rb8 34. Ra5 Rxb2+ 35. Kf1 Rb6 36. Kf2 f4 37. g3 g5 38. gxf4 gxf4 39. Kg2 Kf6 40. Kh3 Kg5 41. Ra4 Rc6 42. Rb4 h6 43. Rb8 Rc5 44. Rb6 Ra5 45. Rxd6 Rxa3 46. Re6 Rxc3 47. Rxe5+ Kf6 48. Rf5+ Ke6 49. Kg4 Rc2 50. Rh5 Ra2 51. Kxf4 Kd6 52. Ke3 Ra3+ 53. Ke2 Ra2+ 54. Ke3 Ra3+ 55. Kd4 Kd7 56. Kxc4 Rxf3 57. Rxh6 a5 58. Ra6 Rh3 59. Rxa5 Rxh2 60. Kd5 Rd2+ 61. Ke5 Rh2 62. Ra7+ Kc6 63. Kf6 Rf2+ 64. Ke6 Rh2 65. Rf7 Rh8 66. e5 Rd8 67. Re7 Rh8 68. Rf7 Re8+ 69. Kf6 Kd5 70. Rd7+ Kc6 71. e6 Rh8 72. Rd2 Rh6+ 73. Kf7 Rh7+ 74. Kg6 Rh3 75. e7 Re3 76. Kf7 Rf3+ 77. Ke8 Rh3 78. Rf2 Rh8+ 79. Kf7 Kd7 80. Rd2+ 1-0

[Event "Grocka op"]
[Site "Grocka"]
[Date "2015.07.25"]
[Round "3"]
[White "Maslar, Aleksa"]
[Black "Ristic, Mladjana"]
[Result "1-0"]
[WhiteElo "1630"]
[BlackElo "1564"]
[PlyCount "57"]
[EventDate "2015.07.23"]
[EventType "swiss"]
[EventRounds "9"]
[EventCountry "SRB"]
[SourceTitle "EXT 2016"]
[Source "ChessBase"]
[SourceDate "2015.10.08"]
[SourceVersion "1"]
[SourceVersionDate "2015.10.08"]
[SourceQuality "1"]

1. d4 d5 2. c4 c6 3. Nf3 Nf6 4. Qc2 e6 5. Nbd2 Bd6 6. g3 Nbd7 7. Bg2 0-0 8. 0-0 e5 9. dxe5 Nxe5 10. Nxe5 Bxe5 11. Nf3 Bd6 12. Rd1 Qc7 13. cxd5 Nxd5 14. a3 Rd8 15. e4 Nb6 16. Be3 Be6 17. Ng5 h6 18. Nxe6 fxe6 19. Bh3 Re8 20. Qb3 Kh8 21. Bxe6 Qe7 22. Bf5 Bc5 23. Bxc5 Qxc5 24. Rac1 Qe7 25. a4 Rad8 26. Rxd8 Rxd8 27. Rd1 Nc8 28. Rxd8+ Qxd8 29. Qxb7 1-0

[Event "SRB-ch U14"]
[Site "Vrnjacka Banja"]
[Date "2013.04.30"]
[Round "1"]
[White "Matovic, Mihajlo Z"]
[Black "Maslar, Aleksa"]
[Result "1/2-1/2"]
[WhiteElo "2112"]
[BlackElo "1574"]
[PlyCount "63"]
[EventDate "2013.04.30"]
[EventType "swiss"]
[EventRounds "9"]
[EventCountry "SRB"]
[SourceTitle "CBM 154 Extra"]
[Source "ChessBase"]
[SourceDate "2013.06.25"]
[SourceVersion "2"]
[SourceVersionDate "2013.06.25"]
[SourceQuality "1"]

1. e4 c5 2. Nf3 d6 3. Bb5+ Bd7 4. Bxd7+ Qxd7 5. 0-0 Nc6 6. b3 Nf6 7. Qe2 g6 8. Bb2 Bg7 9. c4 0-0 10. d4 cxd4 11. Nxd4 Rad8 12. Na3 Rfe8 13. Rad1 Qc8 14. Nab5 a6 15. Nc3 Nxd4 16. Rxd4 Qc7 17. Nd5 Nxd5 18. Rxd5 e6 19. Rd3 Qc6 20. Bxg7 Kxg7 21. Qf3 Rd7 22. Rfd1 Red8 23. h4 Qc5 24. Qe3 Qxe3 25. Rxe3 Kf8 26. Kh2 b6 27. Red3 Ke7 28. g4 b5 29. cxb5 axb5 30. a4 bxa4 31. bxa4 Ra8 32. Rd4 1/2-1/2